000 00973nam a2200301 4500
003 EC-UNACH
005 20260126175719.0
006 s||||gr|||| 00| 00
008 150116t9999 mx r gr 000 0 spa d
020 _a9978-67-032-7
040 _aEC-UNACH
_cEC-UNACH
041 _aspa
082 0 4 _223
_a300
_bL018596
100 _aNef, Jorge
245 _aLas relaciones interamericanas frente al siglo XXI
250 _aPrimera Edición
264 _aQuito - Ecuador
_bFlacso sede Ecuador
_c1994
300 _a119 páginas
_btabla
_c21 x 15 cm
501 _aIncluye índice
505 _aIntroducción-- La cultura del sistema -- La estructura del sistema interamericano -- Procesos decisorios -- Conclusiones.
650 _aASPECTOS METODOLÓGICOS
650 _aTENDENCIASS REGIONALES
650 _aCONTINENTALISMO
942 _2ddc
_c1
999 _c14357